[Event "DEM U10 2016"]
[Site "Willingen GER"]
[Date "2016.05.21"]
[Round "11"]
[White "Hänselmann, Hendrik"]
[Black "Kodalle, Dominik"]
[Result "1/2-1/2"]
[Termination "normal"]
[Board "21"]
[WhiteElo "1000"]
[BlackElo "1399"]
[PlyCount "101"]
[WhiteFideId "16232755"]
[BlackFideId "16208722"]
[EventCountry "GER"]
[EventRounds "11"]
[EventType "swiss"]
[EventDate "2016.05.14"]

1. d4 Nf6 2. Nc3 g6 3. e4 d6 4. Nf3 Bg7 5. Bf4 Nbd7 6. Bc4 O-O 7. O-O h6 8. Qe2
Re8 9. e5 dxe5 10. dxe5 Nh7 11. Bxf7+ Kxf7 12. e6+ Kg8 13. exd7 Bxd7 14. Ne5
Nf8 15. Nxd7 Qxd7 16. Qc4+ Kh7 17. Qxc7 Qxc7 18. Bxc7 Rac8 19. Bf4 Bxc3 20.
bxc3 Rxc3 21. Rac1 Rec8 22. Rfe1 Re8 23. Re3 Rxe3 24. Bxe3 a6 25. c4 Rc8 26. c5
Nd7 27. Kf1 g5 28. Ke2 Kg6 29. Kd3 Ne5+ 30. Ke4 Ng4 31. h3 Nxe3 32. fxe3 Kf6
33. g3 Ke6 34. h4 b6 35. Kd4 Kf5 36. Rf1+ Kg4 37. cxb6 Kxg3 38. hxg5 hxg5 39.
b7 Rb8 40. Rb1 Kh2 41. Kc5 g4 42. Kc6 g3 43. Kc7 Rxb7+ 44. Kxb7 g2 45. Kxa6
g1=Q 46. Rxg1 Kxg1 47. a4 e5 48. Kb5 e4 49. a5 Kf2 50. a6 Kxe3 51. a7 1/2-1/2

[Event "DEM U10 2016"]
[Site "Willingen GER"]
[Date "2016.05.21"]
[Round "11"]
[White "Feng, Felix"]
[Black "Poschadel, Andreas Gregor"]
[Result "1-0"]
[Termination "normal"]
[Board "22"]
[WhiteElo "1100"]
[BlackElo "1222"]
[PlyCount "115"]
[WhiteFideId "16275179"]
[BlackFideId "16204948"]
[EventCountry "GER"]
[EventRounds "11"]
[EventType "swiss"]
[EventDate "2016.05.14"]

1. c4 e5 2. Nc3 d6 3. g3 Nf6 4. Bg2 Nc6 5. Nf3 Be6 6. d3 h6 7. O-O Be7 8. Bd2
O-O 9. a3 a5 10. Rb1 Qd7 11. b4 axb4 12. axb4 Rfe8 13. b5 Nd8 14. Qc2 c6 15.
Rb2 Rb8 16. Rfb1 c5 17. Ra1 b6 18. Rba2 Rb7 19. Ra6 Bf5 20. Qc1 Ne6 21. Nh4 Bh7
22. Bxb7 Qxb7 23. e4 Nd4 24. Qd1 Nd7 25. Nd5 Bd8 26. Be3 Bxh4 27. gxh4 f5 28.
exf5 Nxf5 29. Ra7 Qc8 30. h5 Nxe3 31. fxe3 Bf5 32. e4 Bh3 33. Qf3 Be6 34. Qg3
Qd8 35. Rb7 Bxd5 36. exd5 Qc8 37. Raa7 Rd8 38. Qg4 Kh8 39. Rxd7 Rxd7 40. Rxd7
Qg8 41. Rc7 Kh7 42. Qg6+ Kh8 43. Re7 e4 44. Re8 exd3 45. Rxg8+ Kxg8 46. Qxd3
Kh8 47. Qg6 Kg8 48. Qxd6 g5 49. Qg6+ Kf8 50. Qxb6 g4 51. Qb7 g3 52. hxg3 Kg8
53. Kf2 Kf8 54. Kf3 Kg8 55. Kf4 Kf8 56. Kf5 Kg8 57. Kf6 Kf8 58. Qf7# 1-0

[Event "DEM U10 2016"]
[Site "Willingen GER"]
[Date "2016.05.21"]
[Round "11"]
[White "Bakiyev, Diyar"]
[Black "Wellßow, Keoki"]
[Result "1-0"]
[Termination "normal"]
[Board "23"]
[WhiteElo "1027"]
[BlackElo "975"]
[PlyCount "147"]
[WhiteFideId "16230531"]
[BlackFideId "16251075"]
[EventCountry "GER"]
[EventRounds "11"]
[EventType "swiss"]
[EventDate "2016.05.14"]

1. e4 e5 2. Nf3 Nc6 3. Bc4 Nf6 4. Ng5 d5 5. exd5 Na5 6. Bb5+ c6 7. dxc6 bxc6 8.
Qf3 Bb7 9. Ba4 h6 10. Ne4 Nxe4 11. Qxe4 Bd6 12. c3 O-O 13. Bc2 g6 14. O-O Qg5
15. d4 Qf6 16. dxe5 Bxe5 17. Bxh6 Rfe8 18. Qg4 Bc8 19. Qg5 Qxg5 20. Bxg5 Nc4
21. Nd2 Nxb2 22. Be4 Re6 23. Rac1 Ba6 24. Rfe1 Rae8 25. Re3 Nc4 26. Nxc4 Bxc4
27. Rce1 Bd5 28. Bxd5 cxd5 29. h3 f5 30. Bf4 Bxf4 31. Rxe6 Rb8 32. Re8+ Rxe8
33. Rxe8+ Kf7 34. Rd8 Ke6 35. Kf1 Bd2 36. Ra8 Bxc3 37. Rxa7 d4 38. Ke2 Ke5 39.
a4 Ke4 40. Re7+ Kd5 41. Kd3 g5 42. a5 Bxa5 43. Rd7+ Ke5 44. Rxd4 Bb6 45. Rd8
Bxf2 46. Rg8 Kf4 47. Ke2 Bh4 48. Rf8 Kg3 49. Rxf5 Kxg2 50. Rf3 Kh2 51. Kf1 Kh1
52. Re3 Kh2 53. Rd3 Kh1 54. Rd2 Bg3 55. Re2 Bh4 56. Rg2 Be1 57. Rxg5 Bh4 58.
Rg2 Bf2 59. Rg5 Bc5 60. h4 Bf8 61. h5 Kh2 62. Rg6 Kh3 63. h6 Bxh6 64. Rxh6+ Kg4
65. Rf6 Kg5 66. Rf2 Kg4 67. Ke2 Kg3 68. Ke3 Kg4 69. Rf1 Kg5 70. Ke4 Kg6 71. Ke5
Kg7 72. Ke6 Kg6 73. Rg1+ Kh6 74. Kf5 1-0

[Event "DEM U10 2016"]
[Site "Willingen GER"]
[Date "2016.05.21"]
[Round "11"]
[White "Langer, Paul Georg"]
[Black "Richter, Gerrit"]
[Result "0-1"]
[Termination "normal"]
[Board "24"]
[WhiteElo "1170"]
[BlackElo "1561"]
[PlyCount "46"]
[WhiteFideId "16230051"]
[BlackFideId "12990825"]
[EventCountry "GER"]
[EventRounds "11"]
[EventType "swiss"]
[EventDate "2016.05.14"]

1. e4 e6 2. d4 d5 3. exd5 exd5 4. Bd3 Nf6 5. Ne2 Bd6 6. c3 O-O 7. Qc2 c6 8. Bf4
Re8 9. Bxd6 Qxd6 10. Nd2 c5 11. O-O-O c4 12. Bf5 Bxf5 13. Qxf5 Rxe2 14. Qf3 Re7
15. h4 Nbd7 16. Rh3 Rae8 17. Rg3 Ne4 18. Nxe4 Rxe4 19. h5 Re2 20. Qg4 Qh6+ 21.
Kb1 Re1 22. Rxe1 Rxe1+ 23. Kc2 Qc1# 0-1

[Event "DEM U10 2016"]
[Site "Willingen GER"]
[Date "2016.05.21"]
[Round "11"]
[White "Frank, Marian"]
[Black "Amrhein, Dennis"]
[Result "1/2-1/2"]
[Termination "normal"]
[Board "25"]
[WhiteElo "1101"]
[BlackElo "1132"]
[PlyCount "78"]
[WhiteFideId "16245059"]
[BlackFideId "16254570"]
[EventCountry "GER"]
[EventRounds "11"]
[EventType "swiss"]
[EventDate "2016.05.14"]

1. e4 d5 2. exd5 Qxd5 3. Nc3 Qa5 4. d4 c6 5. Bd2 Nf6 6. Bc4 Qc7 7. Nf3 Bg4 8.
h3 Bxf3 9. Qxf3 e6 10. O-O-O b5 11. Nxb5 Qb6 12. Be2 Be7 13. Bf4 O-O 14. Nc7
Nbd7 15. Nxa8 Rxa8 16. Rhe1 Nd5 17. Be5 Nxe5 18. dxe5 Rb8 19. Qb3 Qc7 20. Qc4
Qxe5 21. Qd4 Bg5+ 22. Kb1 Qc7 23. a3 Bf6 24. Qc4 Nc3+ 25. Kc1 Nxd1 26. Kxd1
Rxb2 27. Bf3 Rb1+ 28. Ke2 Qe5+ 29. Be4 Rb6 30. Kf1 Qb5 31. Qxb5 cxb5 32. Rd1 h6
33. c3 Kf8 34. Rb1 Bxc3 35. Rc1 Bb2 36. Rc8+ Ke7 37. Rc7+ Kf6 38. Rxa7 Ke5 39.
Bd3 Kd4 1/2-1/2

[Event "DEM U10 2016"]
[Site "Willingen GER"]
[Date "2016.05.21"]
[Round "11"]
[White "Lenz, Joshua"]
[Black "Sallandt, Frido"]
[Result "1-0"]
[Termination "normal"]
[Board "26"]
[WhiteElo "1086"]
[BlackElo "1080"]
[PlyCount "126"]
[WhiteFideId "16256956"]
[BlackFideId "16231767"]
[EventCountry "GER"]
[EventRounds "11"]
[EventType "swiss"]
[EventDate "2016.05.14"]

1. d4 d5 2. c4 c6 3. Nc3 Nf6 4. Bg5 e6 5. e3 Nbd7 6. Nf3 Qa5 7. Qc2 dxc4 8.
Bxc4 b5 9. Bb3 Be7 10. O-O Ba6 11. Rfe1 O-O 12. e4 Rfe8 13. e5 Nd5 14. Bxe7
Rxe7 15. Ng5 Nf8 16. Qe4 Bb7 17. Nxd5 cxd5 18. Qd3 h6 19. Nh3 Ng6 20. Bc2 Ree8
21. Qg3 Ne7 22. Nf4 Kh8 23. Nh5 Rg8 24. Qd3 g6 25. Nf6 Rg7 26. Qh3 h5 27. Qh4
Ng8 28. Nxh5 gxh5 29. Qxh5+ Nh6 30. Qxh6+ Kg8 31. h3 Qb4 32. Re2 Qxd4 33. Qe3
Qxe3 34. Rxe3 d4 35. Rg3 Rxg3 36. fxg3 Rd8 37. Rd1 Kg7 38. Kf2 f6 39. exf6+
Kxf6 40. Bd3 a6 41. h4 Rf8 42. Kg1 e5 43. Re1 Re8 44. Be4 Bxe4 45. Rxe4 d3 46.
Re1 Rd8 47. Kf2 Kf5 48. Rd1 e4 49. Ke3 a5 50. g4+ Kxg4 51. Kxe4 Kxh4 52. Rxd3
Rxd3 53. Kxd3 Kg3 54. Kd4 Kxg2 55. Kc5 b4 56. Kb5 Kf3 57. Kxa5 b3 58. axb3 Ke4
59. b4 Kd5 60. b5 Kd6 61. b6 Kd7 62. Ka6 Kc8 63. Ka7 Kd7 1-0

[Event "DEM U10 2016"]
[Site "Willingen GER"]
[Date "2016.05.21"]
[Round "11"]
[White "Scharf, Christian"]
[Black "Chassard, Cedric"]
[Result "1-0"]
[Termination "normal"]
[Board "27"]
[WhiteElo "999"]
[BlackElo "833"]
[PlyCount "87"]
[WhiteFideId "16266110"]
[BlackFideId "16243536"]
[EventCountry "GER"]
[EventRounds "11"]
[EventType "swiss"]
[EventDate "2016.05.14"]

1. e4 e5 2. Nf3 Nc6 3. Bc4 Bc5 4. c3 Nf6 5. d4 exd4 6. cxd4 Bb4+ 7. Bd2 O-O 8.
Bxb4 Nxb4 9. a3 Nc6 10. Nbd2 d5 11. exd5 Nxd5 12. O-O Bg4 13. Qc2 Nf4 14. Qe4
Qg5 15. Nxg5 Nxd4 16. Qxf4 Ne2+ 17. Bxe2 Bxe2 18. Rfe1 Bb5 19. Qf5 g6 20. Qxb5
b6 21. Re2 h6 22. Rae1 hxg5 23. Re8 Rfxe8 24. Rxe8+ Rxe8 25. Qxe8+ Kg7 26. Qe5+
Kf8 27. Qxc7 a5 28. Qxb6 Ke7 29. Qc5+ Ke6 30. Qxg5 f5 31. Qxg6+ Kd5 32. Qxf5+
Kd4 33. Qxa5 Kd3 34. Qd5+ Ke2 35. Qf3+ Ke1 36. g4 Kxd2 37. Kg2 Ke1 38. Kg3 Kf1
39. g5 Ke1 40. g6 Kf1 41. g7 Ke1 42. g8=Q Kf1 43. Qd8 Ke1 44. Qdd1# 1-0

[Event "DEM U10 2016"]
[Site "Willingen GER"]
[Date "2016.05.21"]
[Round "11"]
[White "Müller, Maximilian"]
[Black "Laube, Jannis"]
[Result "0-1"]
[Termination "normal"]
[Board "28"]
[WhiteElo "784"]
[BlackElo "1495"]
[PlyCount "76"]
[WhiteFideId "16243552"]
[BlackFideId "16205995"]
[EventCountry "GER"]
[EventRounds "11"]
[EventType "swiss"]
[EventDate "2016.05.14"]

1. e4 e5 2. Nf3 Nc6 3. Bc4 Bc5 4. Nc3 d6 5. d3 Nf6 6. Bg5 h6 7. Be3 Bb6 8. Qe2
Be6 9. Bb3 Ng4 10. h3 Nxe3 11. fxe3 Nb4 12. Bxe6 fxe6 13. a3 Nc6 14. Qd2 d5 15.
O-O-O dxe4 16. dxe4 Qxd2+ 17. Rxd2 Bxe3 18. Nb5 Bxd2+ 19. Nxd2 O-O-O 20. Nb3 a6
21. Nc3 Nd4 22. Nc5 Rhf8 23. Na2 Rf2 24. c3 Ne2+ 25. Kb1 Ng3 26. Rc1 Rxg2 27.
Nxe6 Rd6 28. Nxg7 Nxe4 29. Ne8 Rdd2 30. Nb4 Rxb2+ 31. Ka1 Kd7 32. Nxc7 Kxc7 33.
Nd5+ Kd6 34. Nb4 a5 35. Nc2 Rbxc2 36. Rxc2 Rxc2 37. Kb1 Rxc3 38. Kb2 Rxh3 0-1